000 00665cab a2200241 4500
001 WB3416-52
008 090401t1998 xxu||||| |||| 00| 0 eng d
035 _a(Sirsi) u85963
041 _aeng
245 _aGreen pound revalued
260 _c1998
350 _a0
490 _aFinancial Times
_v1 May 1998, 10
490 _aScotsman
_v1 May 1998, 30(1)
520 _aRevaluation of the green pound to 67.7p for one ecu, on 3 may 1998, will mean a cut to EU farm subsidies.
650 _aEXCHANGE RATES
650 _aFARM SUBSIDIES
650 _aGREEN POUND
650 _aREVALUATION
690 _aRURAL PRACTICE
942 _n0
948 _c01/05/1998
999 _c54081
_d54081